000 nam a22 a 4500
999 _c424577
_d424577
003 BLK
005 20210721131531.0
008 210721b bu |||||||||| 00| | bu d
040 _aBLK
041 _aBUL
_cBUL
080 _aИспанска литература
_b821.134.2
_x-2
_z821.134.2-2
100 _91299
_aКалдерон де ла Барка, Педро
_eпърви автор
139 _aКалдерон де ла Барка, Педро
245 _aЛекар на своята чест
_bДрама
_cПедро де ла Барка Калдерон ; Прев. Вл. Ш
260 _9444189
_aСофия
_bИв. Говедаров и сие
_c1898
300 _a110 с.
_c20 см
380 _aX
490 _9460271
_aБиблиотека за прочит
_vГ. I, кн. 9
490 _9435080
_aКолекция Редки и ценни издания
500 _aПетроне - псевд. на Владимир Георгиев Пишманов, преименуван на Владимир Георгиев Шишманов
700 _9966
_aШишманов, Владимир Георгиев
_eпрев.
852 _aРб 898
_bРц
942 _cKNG
_n0
_s1
944 _aCR
_c2021-07-21
_kВП
999 _d424577